000 00337nam a2200133Ia 4500
008 151001s9999||||xx |||||||||||||| ||und||
100 _aना ह आपटे
245 _aअजिंक्य तारा
250 _a3
260 _bआपटे आणि मंडळीÇ
260 _c1949
300 _a329
365 _b7.5
999 _c950482
_d950479